000 00674nam a2200217Ia 4500
003 GCL
008 140319s9999 xx 000 0 ara d
020 _a3011803977
040 _aGCL /
_cGCL
082 0 4 _a414.1
_bم ب
100 1 _aمنير سلطان
245 1 0 _aبلاغة الكلمة والجملة والجمل /
_cمنير سلطان
250 _aالثانية
260 _aالقاهرة :
_bمنشاة المعارف ،
_c1993
300 _a347 ص ؛
_c24 سم
650 0 4 _aاللغة العربية
650 0 4 _aالبلاغة العربية
650 0 4 _aالجملة الاسمية
650 0 4 _aالجملة الفعلية
942 _2ddc
_cBK
999 _c53570
_d53570